[Event "Titled Tuesday intern op 16th Apr Early"]
[Site "Chess.com INT"]
[Date "2024.04.16"]
[Round "10"]
[White "Ashraf, Artin"]
[Black "Tsaruk, Maksim"]
[Result "1-0"]
[WhiteElo "2399"]
[BlackElo "2484"]
[PlyCount "85"]
[EventDate "2024.04.16"]
[EventType "swiss (blitz)"]
[EventRounds "11"]
[EventCountry "USA"]
[SourceTitle "CB17_2024"]
[SourceDate "2024.04.24"]
[SourceVersion "1"]
[SourceVersionDate "2024.04.24"]
[SourceQuality "1"]

1. c4 e5 2. Nc3 Nf6 3. Nf3 Nc6 4. e3 Bb4 5. Qc2 Bxc3 6. Qxc3 Qe7 7. a3 a5 8. d3 0-0 9. b3 d5 10. cxd5 Nxd5 11. Qc2 Bg4 12. Be2 Rad8 13. 0-0 Kh8 14. Bb2 Rd7 15. h3 Bxf3 16. Bxf3 Rfd8 17. Rac1 Qe6 18. Rfd1 f5 19. Qc4 Nce7 20. e4 fxe4 21. dxe4 Nf4 22. Qxe6 Nxe6 23. Bxe5 Rxd1+ 24. Rxd1 Rxd1+ 25. Bxd1 Nc6 26. Bc3 Kg8 27. g3 Kf7 28. f4 g6 29. Kf2 b5 30. Ke3 b4 31. axb4 axb4 32. Bb2 Na5 33. Be5 c5 34. Kd3 c4+ 35. bxc4 Nc5+ 36. Kd4 Ne6+ 37. Kd5 b3 38. c5 h5 39. c6 Nf8 40. c7 Nd7 41. Bd4 b2 42. Bc2 Nb3 43. c8Q 1-0

[Event "Titled Tuesday intern op 16th Apr Early"]
[Site "Chess.com INT"]
[Date "2024.04.16"]
[Round "9"]
[White "Tsaruk, Maksim"]
[Black "Durarbayli, Vasif"]
[Result "0-1"]
[WhiteElo "2484"]
[BlackElo "2627"]
[PlyCount "86"]
[EventDate "2024.04.16"]
[EventType "swiss (blitz)"]
[EventRounds "11"]
[EventCountry "USA"]
[SourceTitle "CB17_2024"]
[SourceDate "2024.04.24"]
[SourceVersion "1"]
[SourceVersionDate "2024.04.24"]
[SourceQuality "1"]

1. e4 e5 2. Nf3 Nc6 3. Bb5 a6 4. Ba4 Nge7 5. c3 g6 6. d4 exd4 7. cxd4 b5 8. Bb3 Bg7 9. Nc3 d6 10. h3 0-0 11. 0-0 Na5 12. Bg5 h6 13. Bxe7 Qxe7 14. Nd5 Qd8 15. Rc1 c6 16. Ne3 Ra7 17. Bc2 c5 18. e5 cxd4 19. Qxd4 Nc6 20. Qxd6 Nxe5 21. Qd1 Rd7 22. Qe2 Nxf3+ 23. Qxf3 Bxb2 24. Rcd1 Bd4 25. Bb3 Bb7 26. Qf4 Bg7 27. Rxd7 Qxd7 28. Rd1 Qe7 29. Qg4 Qe4 30. Rd7 Qxg4 31. hxg4 Bc8 32. Rc7 Be5 33. Re7 Bd6 34. Re4 Kg7 35. Nd5 Bc5 36. Kf1 Rd8 37. Ne7 Bb7 38. Rf4 Rf8 39. Nd5 Bd6 40. Rf6 Rd8 41. Rf3 a5 42. a4 bxa4 43. Ba2 Bf8 0-1

[Event "Agzamov Memorial 17th"]
[Site "Tashkent"]
[Date "2024.04.02"]
[Round "9"]
[White "Tsaruk, Maksim"]
[Black "Begmuratov, Khumoyun"]
[Result "1-0"]
[WhiteElo "2480"]
[BlackElo "2385"]
[PlyCount "127"]
[EventDate "2024.03.27"]
[EventType "swiss"]
[EventRounds "10"]
[EventCountry "UZB"]
[SourceTitle "CB14_2024"]
[SourceDate "2024.04.01"]
[SourceVersion "1"]
[SourceVersionDate "2024.04.01"]
[SourceQuality "1"]

1. e4 c5 2. c3 Nf6 3. e5 Nd5 4. Nf3 Nc6 5. Bc4 Nb6 6. Bb3 d6 7. exd6 Qxd6 8. 0-0 Bf5 9. d4 e6 10. Be3 c4 11. Bc2 Bxc2 12. Qxc2 Qd5 13. Bf4 Be7 14. Nbd2 0-0 15. Rfe1 Nd7 16. Nf1 b5 17. Ne3 Qh5 18. d5 exd5 19. Nxd5 Bc5 20. Rad1 Nb6 21. Qe4 Rac8 22. Nc7 Nb8 23. b4 cxb3 24. axb3 Rfd8 25. Rxd8+ Rxd8 26. h3 a6 27. Qb7 Qf5 28. b4 Qxf4 29. bxc5 Nc4 30. Nd5 Qh6 31. c6 Nxc6 32. Qxc6 Qxc6 33. Ne7+ Kf8 34. Nxc6 Rd3 35. Ra1 Rxc3 36. Rxa6 f6 37. Nfd4 Ra3 38. Rxa3 Nxa3 39. Na7 Kf7 40. Naxb5 Nc4 41. Kf1 g6 42. Ke2 f5 43. Nf3 Kf6 44. Kd3 Nb2+ 45. Kc2 Nc4 46. Kc3 Nb6 47. Kd4 g5 48. Nc3 g4 49. hxg4 fxg4 50. Ne5 Kf5 51. Nd5 g3 52. fxg3 Nc8 53. Ne3+ Ke6 54. Ke4 Nd6+ 55. Kf4 Nb5 56. Nf3 Nc3 57. Ng5+ Kd7 58. Nxh7 Ne2+ 59. Kf3 Nd4+ 60. Ke4 Ne6 61. Ke5 Ke7 62. Nf6 Nf8 63. Ned5+ Kf7 64. Nf4 1-0

[Event "Moscow Aeroflot op-A"]
[Site "Moscow"]
[Date "2024.03.06"]
[Round "7"]
[White "Tsaruk, Maksim"]
[Black "Sapenov, Daniyal"]
[Result "1/2-1/2"]
[WhiteElo "2480"]
[BlackElo "2340"]
[PlyCount "84"]
[EventDate "2024.03.03"]
[EventType "swiss"]
[EventRounds "9"]
[EventCountry "RUS"]
[SourceTitle "CB11_2024"]
[SourceDate "2024.03.13"]
[SourceVersion "1"]
[SourceVersionDate "2024.03.13"]
[SourceQuality "1"]

1. e4 e5 2. Nf3 Nc6 3. Bb5 a6 4. Ba4 Nf6 5. 0-0 b5 6. Bb3 Bc5 7. a4 Rb8 8. d3 d6 9. axb5 axb5 10. h3 0-0 11. Be3 Bxe3 12. fxe3 Ne7 13. Nbd2 Ng6 14. Ra7 Rb7 15. Ra8 c6 16. Qe2 h6 17. Qf2 Qb6 18. Rfa1 Rb8 19. R8a2 Bb7 20. Nf1 c5 21. c4 b4 22. Ba4 Nh7 23. Ng3 Ne7 24. d4 Qc7 25. d5 Ra8 26. Nf5 Bc8 27. Bd7 Rxa2 28. Nxe7+ Kh8 29. Rxa2 Bxd7 30. Nh4 Nf6 31. Ra6 Bc8 32. Nxc8 Rxc8 33. Nf5 Ne8 34. Qg3 Rd8 35. Qh4 Rb8 36. Rc6 Qd8 37. Qg4 Rb6 38. Rxb6 Qxb6 39. Kh2 Qd8 40. Qh5 Qd7 41. Qg4 Qd8 42. Qh5 Kg8 1/2-1/2

[Event "Moscow Aeroflot op-A"]
[Site "Moscow"]
[Date "2024.03.04"]
[Round "3"]
[White "Tsaruk, Maksim"]
[Black "Petrosyan, Manuel"]
[Result "1/2-1/2"]
[WhiteElo "2480"]
[BlackElo "2620"]
[PlyCount "47"]
[EventDate "2024.03.03"]
[EventType "swiss"]
[EventRounds "9"]
[EventCountry "RUS"]
[SourceTitle "CB11_2024"]
[SourceDate "2024.03.13"]
[SourceVersion "1"]
[SourceVersionDate "2024.03.13"]
[SourceQuality "1"]

1. e4 e5 2. Nf3 Nc6 3. Bb5 a6 4. Ba4 Nf6 5. 0-0 Be7 6. Bxc6 dxc6 7. d3 Qd6 8. Nbd2 Be6 9. b3 Nd7 10. Bb2 c5 11. Nc4 Bxc4 12. dxc4 Qxd1 13. Raxd1 f6 14. Nh4 g6 15. g3 0-0-0 16. Ng2 Rhe8 17. Ne3 Bf8 18. Bc3 b6 19. a4 a5 20. Rd3 Bh6 21. Ng4 Bg7 22. Rfd1 Nb8 23. Rxd8+ Rxd8 24. Rxd8+ 1/2-1/2

[Event "Wch Blitz"]
[Site "Samarkand"]
[Date "2023.12.30"]
[Round "20"]
[White "Pranav, V."]
[Black "Tsaruk, Maksim"]
[Result "1-0"]
[WhiteElo "2611"]
[BlackElo "2460"]
[PlyCount "65"]
[EventDate "2023.12.29"]
[EventType "swiss (blitz)"]
[EventRounds "21"]
[EventCountry "UZB"]
[SourceTitle "CB01_2024"]
[SourceDate "2024.01.03"]
[SourceVersion "1"]
[SourceVersionDate "2024.01.03"]
[SourceQuality "1"]

1. e4 e5 2. Nf3 Nc6 3. Bb5 a6 4. Ba4 Nf6 5. 0-0 Be7 6. d3 b5 7. Bb3 d6 8. c3 0-0 9. a4 b4 10. a5 Be6 11. Ba4 Nxa5 12. cxb4 Nb7 13. Bc6 Qc8 14. Bg5 Rb8 15. Bd2 Nd8 16. Ba4 d5 17. Nxe5 dxe4 18. Re1 Bd6 19. Bc3 Qb7 20. Nd2 exd3 21. Nxd3 Nd5 22. Ne4 Nxc3 23. bxc3 Bd5 24. Nec5 Qa8 25. Nd7 Bxg2 26. Nxf8 Ne6 27. Nxe6 fxe6 28. Qg4 Bd5 29. c4 Bf3 30. Qxe6+ Kh8 31. Qe8+ Bf8 32. Qxb8 Qxb8 33. Re8 1-0

[Event "Wch Blitz"]
[Site "Samarkand"]
[Date "2023.12.30"]
[Round "17"]
[White "Tsaruk, Maksim"]
[Black "Yakubboev, Nodirbek"]
[Result "0-1"]
[WhiteElo "2460"]
[BlackElo "2661"]
[PlyCount "70"]
[EventDate "2023.12.29"]
[EventType "swiss (blitz)"]
[EventRounds "21"]
[EventCountry "UZB"]
[SourceTitle "CB01_2024"]
[SourceDate "2024.01.03"]
[SourceVersion "1"]
[SourceVersionDate "2024.01.03"]
[SourceQuality "1"]

1. Nf3 Nf6 2. g3 g6 3. Bg2 Bg7 4. 0-0 0-0 5. d4 d6 6. b3 e5 7. dxe5 Nfd7 8. Bb2 Nc6 9. Qc1 dxe5 10. Rd1 Re8 11. e4 b6 12. Na3 Qe7 13. Nc4 Nc5 14. Qe3 Bg4 15. Rd5 Bxf3 16. Bxf3 Nd4 17. Rd1 Nxc2 18. Qd2 Nd4 19. Bxd4 exd4 20. e5 Rad8 21. Qxd4 Ne6 22. Qe3 a6 23. a4 Rxd5 24. Rxd5 Qb4 25. Rd7 b5 26. axb5 axb5 27. Nd2 Re7 28. Rxe7 Qxe7 29. Bd5 Qd7 30. Bxe6 Qxe6 31. f4 f6 32. Nf3 fxe5 33. fxe5 Bf8 34. Ng5 Qd5 35. e6 Bc5 0-1

[Event "RUS Cup tt"]
[Site "Sochi"]
[Date "2023.11.30"]
[Round "4.9"]
[White "Tsaruk, Maksim"]
[Black "Izhnin, A."]
[Result "1-0"]
[WhiteElo "2435"]
[BlackElo "2337"]
[PlyCount "51"]
[EventDate "2023.11.27"]
[EventType "team-swiss"]
[EventRounds "7"]
[EventCountry "RUS"]
[SourceTitle "CB49_2023"]
[SourceDate "2023.12.06"]
[SourceVersion "1"]
[SourceVersionDate "2023.12.06"]
[SourceQuality "1"]
[WhiteTeam "Belarus"]
[BlackTeam "Kherson"]
[WhiteTeamCountry "BLR"]
[BlackTeamCountry "RUS"]

1. e4 c5 2. Nf3 e6 3. d4 cxd4 4. Nxd4 Nf6 5. Nc3 d6 6. g4 h6 7. Rg1 Nc6 8. Be3 a6 9. Qd2 Bd7 10. f3 b5 11. a3 Rb8 12. h4 Nxd4 13. Bxd4 e5 14. Ba7 Rb7 15. Be3 a5 16. g5 hxg5 17. hxg5 b4 18. axb4 axb4 19. Nd5 Nxd5 20. Qxd5 Qc7 21. Ra8+ Rb8 22. g6 fxg6 23. Bc4 Rxa8 24. Qxa8+ Qc8 25. Qd5 Be7 26. Qf7+ 1-0

[Event "Khanty-Mansiysk Governor Cup 19th"]
[Site "Khanty-Mansiysk"]
[Date "2023.11.23"]
[Round "7"]
[White "Lobanov, Sergei"]
[Black "Tsaruk, Maksim"]
[Result "0-1"]
[WhiteElo "2516"]
[BlackElo "2435"]
[PlyCount "108"]
[EventDate "2023.11.17"]
[EventType "swiss"]
[EventRounds "9"]
[EventCountry "RUS"]
[SourceTitle "CB48_2023"]
[SourceDate "2023.11.29"]
[SourceVersion "1"]
[SourceVersionDate "2023.11.29"]
[SourceQuality "1"]

1. d4 Nf6 2. c4 e6 3. Nc3 Bb4 4. e3 0-0 5. Bd3 d5 6. a3 Bxc3+ 7. bxc3 dxc4 8. Bxc4 c5 9. Nf3 Qc7 10. Be2 b6 11. Bb2 Bb7 12. 0-0 Nbd7 13. Nd2 Rfd8 14. Re1 e5 15. Rc1 Nf8 16. Bf1 Ne6 17. h3 Rac8 18. Nf3 Bxf3 19. Qxf3 e4 20. Qe2 c4 21. a4 Rd5 22. Ra1 Rh5 23. f4 exf3 24. Qxf3 Rh4 25. Be2 Ne4 26. Qf5 Qg3 27. Bg4 N4g5 28. d5 Rc5 29. Ba3 g6 30. Qf2 Qxf2+ 31. Kxf2 Rxd5 32. e4 Rd2+ 33. Kg3 Rxg4+ 34. hxg4 Rd3+ 35. Kh2 Rxc3 36. Rec1 Nxe4 37. Bb4 Rg3 38. Rxc4 Rxg4 39. Rd1 h5 40. Rd7 a5 41. Ba3 N4c5 42. Rxg4 hxg4 43. Bxc5 Nxc5 44. Rd4 f5 45. Kg3 Kf7 46. Kf2 Ke6 47. Ke3 Ke5 48. Rc4 g5 49. g3 Ne4 50. Rc6 Nxg3 51. Rxb6 f4+ 52. Kf2 Ne4+ 53. Ke2 Nc3+ 54. Kd3 g3 0-1

[Event "Khanty-Mansiysk Governor Cup 19th"]
[Site "Khanty-Mansiysk"]
[Date "2023.11.20"]
[Round "4"]
[White "Tsaruk, Maksim"]
[Black "Makarian, Rudik"]
[Result "1/2-1/2"]
[WhiteElo "2435"]
[BlackElo "2552"]
[PlyCount "48"]
[EventDate "2023.11.17"]
[EventType "swiss"]
[EventRounds "9"]
[EventCountry "RUS"]
[SourceTitle "CB48_2023"]
[SourceDate "2023.11.29"]
[SourceVersion "1"]
[SourceVersionDate "2023.11.29"]
[SourceQuality "1"]

1. e4 e5 2. Nf3 Nc6 3. Bb5 a6 4. Ba4 Nf6 5. 0-0 Be7 6. d3 b5 7. Bb3 d6 8. a4 Rb8 9. c3 0-0 10. Re1 b4 11. a5 Be6 12. Bxe6 fxe6 13. Nbd2 h6 14. Nc4 bxc3 15. bxc3 Rb5 16. Bd2 Qe8 17. Na3 Rb2 18. Nc4 Rb5 19. Na3 Rb2 20. Nc4 Rb5 21. Na3 Rb2 22. Nc4 Rb5 23. Na3 Rb2 24. Nc4 Rb5 1/2-1/2

[Event "Khanty-Mansiysk Governor Cup 19th"]
[Site "Khanty-Mansiysk"]
[Date "2023.11.18"]
[Round "2"]
[White "Tsaruk, Maksim"]
[Black "Lintchevski, Daniil"]
[Result "1-0"]
[WhiteElo "2435"]
[BlackElo "2542"]
[PlyCount "97"]
[EventDate "2023.11.17"]
[EventType "swiss"]
[EventRounds "9"]
[EventCountry "RUS"]
[SourceTitle "CB48_2023"]
[SourceDate "2023.11.29"]
[SourceVersion "1"]
[SourceVersionDate "2023.11.29"]
[SourceQuality "1"]

1. e4 c6 2. d4 d5 3. e5 Bf5 4. Nf3 e6 5. Be2 c5 6. Be3 Qb6 7. Nc3 Nc6 8. 0-0 Qxb2 9. Qe1 cxd4 10. Bxd4 Nxd4 11. Nxd4 Bb4 12. Rb1 Bxc3 13. Rxb2 Bxe1 14. Rxe1 b6 15. h4 h5 16. Nxf5 exf5 17. c4 Rd8 18. cxd5 Rxd5 19. Rc2 Ke7 20. Rc7+ Rd7 21. Rc8 Rd8 22. Rc7+ Rd7 23. Rc8 Rd8 24. Rec1 Nh6 25. R1c7+ Ke6 26. f4 Kd5 27. Rxd8+ Rxd8 28. Kf2 Ke4 29. Kg3 a5 30. Bxh5 Rd2 31. e6 fxe6 32. Rxg7 Ng4 33. Bxg4 fxg4 34. h5 Rd3+ 35. Kxg4 Rd2 36. Kg3 Rd3+ 37. Kh4 Kxf4 38. h6 Rd1 39. Rf7+ Ke5 40. h7 Rh1+ 41. Kg5 b5 42. Kg6 b4 43. Ra7 Kf4 44. Rxa5 e5 45. Kg7 e4 46. h8Q Rxh8 47. Kxh8 e3 48. Rb5 b3 49. Rxb3 1-0